Basic mathematical skills with geometry / (Record no. 6073)

MARC details
000 -LEADER
fixed length control field 02723cam a2200217 a 4500
020 ## - INTERNATIONAL STANDARD BOOK NUMBER
ISBN 0070632669 (student's ed. : acidfree paper)
050 00 - CALL NUMBER
Classification number QA107
Item number .A783
100 1# - AUTHOR
Personal name Streeter, James
245 10 - TITLE
Title Basic mathematical skills with geometry /
Statement of responsibility, etc James Streeter, Donald Hutchison, Louis Hoelzle.
250 ## - EDITION
Edition statement 4th ed.
260 ## - PUBLICATION INFORMATION
Place of publication Boston :
Name of publisher WCB/McGraw-Hill,
Year of publication c1998.
300 ## - DESCRIPTION
Number of Pages xvi, 842 p. :
Other physical details ill. (some col.) ;
Dimensions 28 cm.
500 ## - NOTES
General note Includes index.
505 ## - FORMATTED CONTENTS NOTE
Table of Content 1 Operations on Whole Numbers1.1 The Decimal Place-Value System1.2 Addition1.3 Subtraction1.4 Rounding, Estimation, and Order1.5 Multiplication1.6 Division1.7 Exponential Notation and the Order of Operations2 Multiplying and Dividing Fractions2.1 Prime Numbers and Divisibility2.2 Factoring Whole Numbers2.3 Fraction Basics2.4 Simplifying Fractions 2.5 Multiplying Fractions2.6 Dividing Fractions3 Adding and Subtracting Fractions3.1 Adding and Subtracting Fractions with Like Denominators3.2 Common Multiples3.3 Adding and Subtracting Fractions with Unlike Denominators3.4 Adding and Subtracting Mixed Numbers3.5 Order of Operations with Fractions3.6 Estimation Applications4 Decimals4.1 Place Value and Rounding4.2 Converting Between Fractions and Decimals4.3 Adding and Subtracting Decimals4.4 Multiplying Decimals4.5 Dividing Decimals5 Ratios and Proportions5.1 Ratios5.2 Rates and Unit Pricing5.3 Proportions5.4 Solving Proportions6 Percents6.1 Writing Percents as Fractions and Decimals6.2 Writing Decimals and Fractions as Percents6.3 Identifying the Parts of a Percent Problem6.4 Solving Percent Problems 7 Measurement7.1 The Units of the English System7.2 Metric Units of Length7.3 Metric Units of Weight and Volume7.4 Converting Between the English and Metric Systems8 Geometry8.1 Area and Circumference8.2 Lines and Angles8.3 Triangles8.4 Square Roots and the Pythagorean Theorem9 Data Analysis and Statistics9.1 Means, Medians, and Modes9.2 Tables, Pictographs, and Bar Graphs9.3 Line Graphs and Predictions9.4 Creating Bar Graphs and Pie Charts9.5 Describing and Summarizing Data Sets10 The Real Number System10.1 Real Numbers and Order10.2 Adding Real Numbers10.3 Subtracting Real Numbers10.4 Multiplying Real Numbers10.5 Dividing Real Numbers and the Order of Operations11 An Introduction to Algebra11.1 From Arithmetic to Algebra11.2 Evaluating Algebraic Expressions11.3 Adding and Subtracting Algebraic Expressions11.4 Using the Addition Property to Solve an Equation11.5 Using the Multiplication Property to Solve an Equation11.6 Combining the Properties to Solve Equations
650 #0 - SUBJECTS
Topical Term Arithmetic.
650 #0 - SUBJECTS
Topical Term Algebra.
650 #0 - SUBJECTS
Topical Term Geometry.
700 1# - OTHER AUTHORS
Personal name Hutchison, Donald,
700 1# - OTHER AUTHORS
Personal name Hoelzle, Louis F.
942 ## - ADDED ENTRY ELEMENTS (KOHA)
Koha item type Books
Holdings
Withdrawn status Lost status Collection code Home library Current library Shelving location Date acquired Full call number Accession Number Koha item type
    Reference Methodist University Library Main Methodist University Library Main General Stacks 28/11/2002 QA107 .A783 14459 Books
    Reference Methodist University Library Main Methodist University Library Main General Stacks 28/11/2002 QA107 .A783 14460 Books
Copyright © 2026  MUG Library